000 00874nac a22002291u 4500
010 _a 2004047605
020 _a1576752984
082 0 0 _a658.812
_bB2493
090 _c2463
_d2463
100 _aBarlow, Janelle,
245 1 0 _aBranded customer service :
_bthe new competitive edge /
_cJanelle Barlow and Paul Stewart.
250 _a1st ed.
260 _aSan Francisco, CA :
_bBerrett-Koehler,2004
_c2004.
300 _axii, 259 p. :
_bill. ;
_c24 cm.
504 _aIncludes bibliographical references (p. 243-2445) and index.
650 0 _aCustomer services.
650 0 _aBusiness names.
650 0 _aBrand name products.
700 1 _aStewart, Paul,
_d1966-
942 _cBB
_k658.812B2493
999 _c2463
_d2463